000 00868cam a22002897a 4500
003 CHAP
005 20220817041548.0
008 971013s1986 r 00010 d
010 _a18085
011 _a19057
035 _a23142
040 _cCHAP
090 _aFolleto 10520
100 0 0 _aDelhom, Miguel Juan.
_931677
245 1 3 _aLa conservación frigorífica de la peras
260 _aMadrid :
_bMinisterio de Agricultura, Pesca y Alimentación,
_c1986
300 _a24 p.
_b: ilus.
490 0 _aHojas divulgadoras
_v; 14/86
590 _aBATCH-UPD
_b10
_c20130110
_lUCH01
_h2222
590 _aCONVERSION
_b10
_c20130109
_lUCH01
_h1311
650 1 4 _aPera congelada.
_986989
650 1 4 _aPera
_xAlmacenamiento.
_986960
830 0 _aHojas divulgadoras
_v; 14/86
901 _aBK
942 _cFOLL
949 _aFolleto 10520
_bBC
_cFOLL
_d-53972
_eTS1
_i23142
_si
999 _c18085
_d18085